Fire Emblem - Trouvez ces Personnages aléatoires - Statistiques

Statistiques générales
  • Ce quiz a été pris 17 fois
    8 depuis la dernière actualisation
  • Le résultat moyen est 33 sur 50
Statistiques - réponses
Par images Réponse % Correct
Alfonse
100%
Alfred
100%
Amelia
100%
Anankos
100%
Anna
100%
Arval
100%
Ayra
100%
Azelle
100%
Azura
100%
Bord, Cord & Barst
100%
Bruno
100%
Cecilia
100%
Celica
100%
Chevalier Noir
100%
Chrom
100%
Claude
100%
Conrad
100%
Cordelia
100%
Corrin
100%
Corrin
100%
Dagr
100%
Deirdre
100%
Dorothea
100%
Eirika
100%
Eldigan
100%
Elise
100%
Ephraim
100%
Ethlyn
100%
Fae
100%
Fir
100%
Fjorm
100%
Flayn
100%
Frederick
100%
Freyja
100%
Gaius
100%
Gangrel
100%
Grima
100%
Henry
100%
Hinoka
100%
Ike
100%
Ilyana
100%
Ingrid
100%
Jakob
100%
Kagero
100%
Kana
100%
Lachesis
100%
L'Arachel
100%
Leo
100%
Linde
100%
Lissa
100%
Lute
100%
Lyn
100%
Lysithea
100%
Marianne
100%
Marisa
100%
Marth
100%
Micaiah
100%
Mist
100%
Morgan
100%
Naga
100%
Nailah
100%
Nemesis
100%
Nerþuz
100%
Niles
100%
Ninian
100%
Nino
100%
Ogma
100%
Owain
100%
Peony
100%
Raigh
100%
Raphael
100%
Rebecca
100%
Reinhardt
100%
Roy
100%
Saber
100%
Seteth
100%
Seth
100%
Shez
100%
Shiida
100%
Sigurd
100%
Sœurs pégases
100%
Sophia
100%
Sothe
100%
Sothis
100%
Takumi
100%
Tharja
100%
Tibarn
100%
Tiki
100%
Titania
100%
Tsubasa
100%
Ursula
100%
Valbar
100%
Wrys
100%
Xander
100%
Yuri
100%
Lon'zu
75%
Lucina
75%
Naesala
75%
Alcryst
67%
Camilla
67%
Diamant
67%
Eir
67%
Inigo
67%
Joshua
67%
Karla
67%
Leif
67%
Mae
67%
Merric
67%
Minerva
67%
Quan
67%
Sakura
67%
Walhart
67%
Delthea
60%
Itsuki
60%
Ashera
50%
Ashnard
50%
Baldr
50%
Camus
50%
Céline
50%
Edelgard
50%
Elincia
50%
Florina
50%
Garon
50%
Gerik
50%
Gharnef
50%
Greil
50%
Gullveig
50%
Hana
50%
Hilda
50%
Ishtar
50%
Jaffar
50%
Kris
50%
Laevatein
50%
Leanne
50%
Lethe
50%
Lianna
50%
Lilina
50%
Linoan
50%
Mareeta
50%
Mia
50%
Nergal
50%
Ryoma
50%
Sanaki
50%
Seliph
50%
Severa
50%
Sharena
50%
Eikþyrnir
33%
Katarina
33%
Rutger
33%
Legion
25%
Alear
0%
Alear
0%
Alm
0%
Altina
0%
Arden
0%
Asbel
0%
Bernadetta
0%
Byleth
0%
Byleth
0%
Caineghis
0%
Canis
0%
Ced
0%
Daraen
0%
Daraen
0%
Dieck
0%
Dimitri
0%
Dorcas
0%
Duma
0%
Edgar
0%
Eliwood
0%
Erinys
0%
Faye
0%
Felix
0%
Ferdinand
0%
Finn
0%
Flora
0%
Fomortiis
0%
Garde
0%
Gatrie
0%
Genny
0%
Hector
0%
Hríd
0%
Idunn
0%
Igrene
0%
Ilyana
0%
Innes
0%
Ivy
0%
Jagen
0%
Jake
0%
Julia
0%
Julius
0%
Laegjarn
0%
Lewyn
0%
Loki
0%
Lugh
0%
Lukas
0%
Lyon
0%
Matthew
0%
Medeus
0%
Myrrh
0%
Nanna
0%
Navarre
0%
Nephenee
0%
Oboro
0%
Olivia
0%
Olwen
0%
Osian
0%
Plumeria
0%
Ranulf
0%
Rhea
0%
Ross
0%
Rowan
0%
Sara
0%
Serra
0%
Shigure
0%
Shinon
0%
Shiva
0%
Silque
0%
Sombron
0%
Sommie
0%
Soren
0%
Sylvain
0%
Tana
0%
Tiki
0%
Timerra
0%
Triandra
0%
Valldar
0%
Veld
0%
Veronica
0%
Wolt
0%
Yunaka
0%
Aucun quiz correspondant
Distribution des résultats
% des personnes avec chaque résultat
Percentile par nombre de réponses
Votre historique - résultats
Vous n’avez pas pris ce quiz depuis la dernière actualisation